00618cam a22001692 4500001001100000005001700011008004100028020003100069040001500100050001900115100003600134245011900170260002600289300001600315650008900331700002800420000000513720151217151953.0070606s xx 000 0 eng d a0198564368 :cKES 5,424/20 aKABUcKABU 0aTD195b.E49R381 aRavindranath, N. H.@000015625310aBiomas, energy and environment :ba developing country perspective from India /cN. H Ravindranath and D. O. Hall. aOxford :bOUP,c1995. axiv, 376 p. 0aRenewable energy resourcesxEnvironmental aspectszDeveloping countries.@00001562541 aHall, D. O.@0000156255